Quizzes
Events
Quiz Creation
Community
Videos
Private Events
Remove Ads
Sign In
Join for FREE
Feedback
Dark Mode
Quiz Categories
Sports
Geography
Music
Movies
Television
Just For Fun
Miscellaneous
History
Literature
Language
Science
Gaming
Entertainment
Religion
Holiday
For Kids
Quiz Lab
Recent
Popular Today
Quiz Kudos Today
Editor Picks
Curator Picks
Quizzes by...
Day
Popularity
Type
Ratings
Length
Year
Community
Subscriptions
Recent Discussions
Orange Saloon
Badges
Playlists
Quests
Create
Leaderboards
Showdown
Live 5
Trivia Bingo
Activity
Puzzle Library
Sporcle Events
Private Events
Virtual Trivia
Globe League
Become a Host
Pub Owners
SporcleCon
Opinionation
Our Games
Videos
Blog
Mobile Apps
Partnerships
Remove Ads and Go Orange
Feedback
Geography
Country
Landmarks
City
State
Population
World
Capital
Continent
Flags
Europe
Africa
Asia
South America
North America
Oceania
Border
Canada
United Kingdom
Topography
United States
Geography
Country
Landmarks
City
State
Population
World
Capital
Continent
Flags
Europe
Africa
Asia
South America
North America
Oceania
Border
Canada
United Kingdom
Topography
United States
Random Quiz
Search Sporcle
×
Quiz Lab
Quiz Lab
Geography
Population
Type in answers that appear in a list
Type in answers that appear in a list
Classic
Best Score? Go Orange.
Largest urban areas in 2006 and in 2020 Stats
Can you name the largest urban areas in the world in 2006 and projected in 2020?
By
segacs
5m
60 Questions
5,333 Plays
5,333 Plays
5,333 Plays
Comments
Comments
Give Quiz Kudos
Give Quiz Kudos
-
- Ratings
hide this ad
Replay
Link that replays current quiz
Next Quiz
Link to next quiz in quiz playlist
You Got
0%
They Got
Avg Score
70%
Avg Friend Score
Upgrade to see
Score Distribution
Jump to the score distribution portion of the page
Score
0/60
Timer
05:00
0
Plays Today
Year
City/Urban Area
% Correct
2020 (projected)
New York, USA
97.9%
2006
New York, USA
97.9%
2020 (projected)
Tokyo, Japan
95.8%
2006
Tokyo, Japan
95.8%
2020 (projected)
Los Angeles, USA
95.6%
2006
Los Angeles, USA
95.6%
2006
London, UK
93.9%
2006
Beijing, China
91.7%
2020 (projected)
Beijing, China
91.6%
2020 (projected)
Paris, France
91.3%
2006
Paris, France
91.3%
2020 (projected)
Mexico City, Mexico
89.9%
2006
Mexico City, Mexico
89.9%
2020 (projected)
Moscow, Russia
86.9%
2006
Moscow, Russia
86.9%
2020 (projected)
Chicago, USA
86.2%
2006
Chicago, USA
86.2%
2020 (projected)
Shanghai, China
83.8%
2006
Shanghai, China
83.8%
2020 (projected)
Delhi, India
83.5%
2006
Delhi, India
83.5%
2020 (projected)
Mumbai, India
82.8%
2006
Mumbai, India
82.8%
2020 (projected)
Cairo, Egypt
77.3%
2006
Cairo, Egypt
77.3%
2020 (projected)
Rio de Janeiro, Brazil
76.7%
2006
Rio de Janeiro, Brazil
76.7%
2020 (projected)
Sao Paulo, Brazil
73.7%
2006
Sao Paulo, Brazil
73.7%
2020 (projected)
Buenos Aires, Argentina
72.9%
Year
City/Urban Area
% Correct
2006
Buenos Aires, Argentina
72.9%
2020 (projected)
Jakarta, Indonesia
69.7%
2006
Jakarta, Indonesia
69.7%
2006
Seoul, South Korea
69.5%
2020 (projected)
Istanbul, Turkey
66.6%
2006
Istanbul, Turkey
66.6%
2006
Hong Kong, China
66.5%
2020 (projected)
Kolkata, India
64.6%
2006
Kolkata, India
64.6%
2020 (projected)
Lagos, Nigeria
63%
2006
Lagos, Nigeria
63%
2006
Tehran, Iran
61.5%
2020 (projected)
Osaka and Kobe, Japan
61%
2006
Osaka and Kobe, Japan
61%
2020 (projected)
Metro Manila, Philippines
58.3%
2006
Metro Manila, Philippines
58.3%
2020 (projected)
Karachi, Pakistan
54.1%
2006
Karachi, Pakistan
54.1%
2020 (projected)
Bogotá, Colombia
52.1%
2006
Bogotá, Colombia
52.1%
2020 (projected)
Dhaka, Bangladesh
51.7%
2006
Dhaka, Bangladesh
51.7%
2020 (projected)
Lima, Peru
51.3%
2006
Lima, Peru
51.3%
2020 (projected)
Kinshasa, Democratic Republic of the Congo
40.5%
2020 (projected)
Lahore, Pakistan
37%
2020 (projected)
Bangalore, India
35.3%
2020 (projected)
Wuhan, China
22.8%
2020 (projected)
Tianjin, China
22.6%
2006
Tianjin, China
22.6%
Quiz Playlist
Details
Report
Send in Message
Add To Playlist
Classic:
Type in answers that appear in a list
Quiz Source
Last Updated: Jun 27, 2017
Quiz Scoreboard
CHALLENGE
Sign Up to Join the Scoreboard
Show All
Scores
Hide
Comments
May contain spoilers
Recently Published
NBA Finals Game Top Scorers (2010s)
by flibbidy
Sports
5m
Guess the 'R' Things in 3 Words
by MSUKent
Miscellaneous
3m
Actor to Badly Drawn Movie III
by MoMosMoProblems
Movies
5m
More to Explore
Quiz From the Vault
Featured Blog Post
Where Does Lost Luggage Go?
hide this ad
You Might Also Like...
Tags
City Quiz
Population Quiz
World Quiz
2006
2020
area
largest
million
Projected
urban
Today's Top Quizzes in Geography
Browse Geography
hide this ad
Today's Top Quizzes in Population
Browse Population
Top Contributed Quizzes in Geography
1
Countries of the World - No Outlines Minefield
2
Find the Landmarks A-Z
3
Lietuvos savivaldybės (Lithuanian Municipalities)
4
Blind Ultimate Minefield: World
5
Ultimate Geography Challenge 'A'
6
Find the US States - No Outlines
7
3, 2, 1 or 0: Land Borders
8
Complete the Map Snippet (Minefield) IX
9
Complete the Map Snippet (Minefield) X
10
Nickname Match: U.S. States
Explore More
Trending Topics
Anime
NBA
Crossword
Kpop
Marvel
Disney
Harry Potter
The Office
Country
WWE
Song
Soccer
Pokémon
NFL
Puzzle
hide this ad
More By:
segacs
Quiz
Plays
Rating
Category
Featured
Created
Criteria Characters: Les Misérables
204,438
4.00
Entertainment
Jul 23, 2014
2000s Movies: Multiple Choice Minefield
96,594
4.22
Movies
Mar 14, 2017
Women in Government
80,078
4.56
History
Oct 8, 2009
'80s Movies: Multiple Choice Minefield
72,564
4.12
Movies
Mar 14, 2017
'90s Movies: Multiple Choice Minefield
71,451
4.30
Movies
Mar 14, 2017
Go to Creator's Profile
Score Distribution
Quiz Creator Spotlight
segacs
Follow
Send a Message
Quizzes Created
-
Created Quiz Play Count
-
More By This Creator
Popular Quizzes Today
1
Find the US States - No Outlines Minefield
2
Find the US States
3
The Countries of the World
4
10 Largest US States in Order
5
Find the Countries of Europe - No Outlines Minefield
6
US States
7
Guess the 'R' Things in 3 Words
8
NBA Finals Game Top Scorers (2010s)
More Geography Quizzes
Rivers in Order of Length Minefield
Published
Trending Quizzes
First Name TV: Leading Men
Match the Book to the Film II
First Name TV: Leading Women Drama
3-Word Movies in 1 Word II
Match the Book to the Film VI
Recently Updated
Women's Final Four Teams by Year
bhenderson79
Presidents Quartet II
eogle
Anything But Clue(do)
eogle
Anything But Oceanian Capitals
eogle
Anything But 7
eogle
Anything But Thing
eogle
Word Ladder: February 29
pecheneg
Song Title Questions
pecheneg
Women's NCAA Tournament #1 Seeds
pecheneg
Celebrity Mug Shots
pecheneg
Trending Topics
Marvel
Crossword
Harry Potter
NBA
Disney
Kpop
Anime
Pokémon
Puzzle
Song
Soccer
WWE
The Office
Country
NFL
Your Account Isn't Verified!
In order to create a playlist on Sporcle, you need to verify the email address you used during registration. Go to your
Sporcle Settings
to finish the process.
Report this User
Report this user for behavior that violates our
Community Guidelines
.
Details:
Send Report
Go to the Sporcle.com Mobile Site →
Comments